Shrewd sanctions statecraft and state sponsors of terrorism /

Bibliographic Details
Main Author: O'Sullivan, Meghan L.
Corporate Author: ProQuest (Firm)
Format: Electronic eBook
Language:English
Published: Washington, D.C. : Brookings Institution Press, c2003.
Subjects:
Online Access:Click to View
LEADER 01525nam a2200373Ia 4500
001 EBC3004414
003 MiAaPQ
005 20200520144314.0
006 m o d |
007 cr cn|||||||||
008 041017s2003 dcuab gsb 001 0 eng d
020 |z 0815706006 
035 |a (MiAaPQ)EBC3004414 
035 |a (Au-PeEL)EBL3004414 
035 |a (CaPaEBR)ebr10063888 
035 |a (OCoLC)53482719 
040 |a MiAaPQ  |c MiAaPQ  |d MiAaPQ 
050 4 |a HF1413.5  |b .O78 2003 
100 1 |a O'Sullivan, Meghan L. 
245 1 0 |a Shrewd sanctions  |h [electronic resource] :  |b statecraft and state sponsors of terrorism /  |c Meghan L. O'Sullivan. 
246 1 3 |a Economic statecraft in an age of global terrorism 
260 |a Washington, D.C. :  |b Brookings Institution Press,  |c c2003. 
300 |a xvi, 424 p. :  |b ill., maps. 
504 |a Includes bibliographical references and index. 
533 |a Electronic reproduction. Ann Arbor, MI : ProQuest, 2015. Available via World Wide Web. Access may be limited to ProQuest affiliated libraries. 
650 0 |a Economic sanctions, American. 
650 0 |a Terrorism  |x Prevention  |x Government policy  |z United States. 
651 0 |a United States  |x Relations. 
651 0 |a Persian Gulf Region  |x Politics and government  |v Case studies. 
651 0 |a Libya  |x Politics and government. 
651 0 |a Sudan  |x Politics and government. 
655 4 |a Electronic books. 
710 2 |a ProQuest (Firm) 
856 4 0 |u https://ebookcentral.proquest.com/lib/matrademy/detail.action?docID=3004414  |z Click to View